000 00643cam a2200229 4500
008 090401t1993 xxu||||| |||| 00| 0 eng d
020 _a0947763848
035 _a(Sirsi) u62299
041 _aeng
050 _a333.33
100 _aCumming, John
245 _aHow to manage your own block of flats: a flat-owner`s guide to taking and maintaining control
260 _aReading
_bCollege of Estate Management
_c1993
300 _a166p. ; 23cm.
350 _a13.5
650 _aFLATS
650 _aProperty management
_96262
690 _aPROPERTY LAW AND PRACTICE
700 _aHickie, Richard
942 _n0
948 _c04/03/1997
999 _c94393
_d94393